| 000 | 02411nam a2200421 i 4500 | ||
|---|---|---|---|
| 001 | 194733 | ||
| 003 | SpMaBN | ||
| 005 | 20250825112759.0 | ||
| 008 | 240510s2011 sp a | |||| 000 0 spa | ||
| 015 | _aMON11 | ||
| 017 |
_aB 34007-2011 _bOficina Depósito Legal Barcelona |
||
| 020 | _a9788499892153 | ||
| 035 | _a(OCoLC)796331687 | ||
| 040 |
_aSpMaBN _bspa _cSpMaBN _erdc _dES-MaACL |
||
| 080 | _a821.111(540)-4"19" | ||
| 080 | _a821.111(540)-92"19" | ||
| 100 | 1 |
_aRushdie, Salman, _d1947- _eaut _9240737 |
|
| 240 | 1 | 0 |
_aStep Across this Line: Essays 1992-2002 _lEspañol |
| 245 | 1 | 0 |
_aPásate de la raya : _bartículos, 1992-2002 / _cSalman Rushdie ; traducción de Miguel Sáenz |
| 250 | _aPrimera edición en Debolsillo: noviembre 2011 | ||
| 260 |
_a[Barcelona] : _bDebolsillo, _c2011. |
||
| 300 |
_a552 páginas ; _c19 cm |
||
| 336 |
_2rdacontent _atexto |
||
| 337 |
_2rdamedia _asin mediación |
||
| 338 |
_2rdacarrier _avolumen |
||
| 490 | 0 | _aContemporánea (Barcelona) | |
| 520 | _aUna colección de los artículos de prensa de Salman Rushdie escritos entre 1992 y 2002 que recoge sus opiniones. Los artículos que componen este volumen nos descubren el lado más personal y más cercano de uno de nuestros autores contemporáneos más importantes. De una manera franca y directa, Salman Rushdie nos habla de su afición al fútbol, su predilección por la música de U2 o su entusiasmo por El mago de Oz; asimismo, nos da su opinión sobre política o sobre su propia fetua, y tambien evalúa la obra de varios escritores. Pero lo más valioso de esta recopilación es que nos proporciona la visión íntima de un escritor e intelectual que analiza y juzga nuestra sociedad actual con una profundidad y una precisión expresiva que pocos alcanzan. Un libro que ofrece placeres inesperados a todos los que disfrutan del poder de la palabra. | ||
| 594 | _aTítulo original: Step Across this Line: Essays 1992-2002 | ||
| 655 | 0 |
_aEnsayos _9176636 |
|
| 700 | 1 |
_aSáenz, Miguel, _d1932- _etrl _9101299 |
|
| 852 |
_aES-MaACL _cDEPOJ _jN-9977 _xEncuadernación rústica _hDonación: Editorial _9206125 |
||
| 942 |
_cMONOGRAFIA _n0 |
||
| 999 |
_c194733 _d194733 |
||